Johannes Kepler

Titel: Johannes Kepler : ein Bild seines Lebens und Wirkens / von Franz Hammer
Verfasser:
Veröffentlicht: Stuttgart : Kohlhammer, 1944
Umfang: 32 S.
Format: Buch
Sprache: Deutsch
Schriftenreihe/
mehrbändiges Werk:
Die bunten Hefte für unsere Soldaten ; 86
Kein Bild verfügbar
X
Lokale Klassifikation: 2 K 759
alg: 29133857
001A    $03004:12-03-12 
001B    $01999:02-09-22 $t18:15:58.000 
001C    $03004:12-03-12 $t12:48:28.000 
001D    $03004:12-03-12 
001U    $0utf8 
001X    $00 
002@    $0Aau 
003@    $0291338577 
007A    $0291338577 $aHEB 
007T    $0Herdhh291338577 
010@    $ager 
011@    $a1944 $n1944 
021A    $aJohannes Kepler $dein Bild seines Lebens und Wirkens $hvon Franz Hammer 
028A    $#Hammer, Franz $D20220215 $Ecgwrk $7121396983 $8Hammer, Franz$Z1898-1969 [Tp1] $9152786015 
033A    $pStuttgart $nKohlhammer 
034D    $a32 S. 
036E    $aDie @bunten Hefte für unsere Soldaten $l86 
036F    $x286 $8Die @bunten Hefte für unsere Soldaten $9093575963 $l86 

lok: 29133857 24
101B    $012-03-12 $t12:48:28.000 
101C    $012-03-12 
101U    $0utf8 
145Z/01 $a2 K 759 

exp: 29133857 24 1 #EPN
201B/01 $024-05-12 $t15:23:39.000 
201C/01 $012-03-12 
201U/01 $0utf8 
203@/01 $0639607675 
208@/01 $a24-05-12 $bz 
209A/01 $aS 25935 $du $f050 $hS 25935 $x00 
209C/01 $a12.01557 G $h12 01557 G 
209G/01 $a73004489 $x00 
220C/01 $anie 
244Z/01 $#Kepler, Johannes $#Kepler, J. $#Kepler, Johan $#Kepler, Johann $#Keppler, Ioannes $#Keppler, Joannes $#Kebler, Johannes $#Keplerus, Joannes $#Kepler, ... $#Keppler, Johan $#Keppler, Johannes $#Kepplern, Johannes $#Kheppler, Johan $#Kheppler, Johannes $#Khepplern, Johannes $#I.K. $#I. K. $#Kheplerus, Johannes $#Herennius, Kleopas $#Nee-sek, Phalaris von $#Phalaris  $#Kapuensis, Helenor $#Helenor  $#Keplero, Giovanni $#Kheppler, Johann $#Kepplerus, Johannes $#Kepler, Ioannes $#Kepler, Jan $#Keplerus, Johannes $#Kepplerus, Joannes $#Keppler, Johann $#Keplerus, Ioannes $#Kepplerus, Ioannes $#Kepler, Jean $#Kepler, Johann $#Keppler, Johann $#Kepplerus, Johannes $#Keppler, Johann $#Kepplerus, Joannes $#Kepler, Ioannes $7118561448 $8--Tp1--Kepler, Johannes$Z1571-1631 $x01 $9086902474 
247C/01 $8358050-7 Marburg, Bibliothek des Herder-Instituts Marburg $9102600961 

lok: 29133857 78

exp: 29133857 78 1 #EPN
201B/01 $019-04-17 $t22:04:44.000 
201U/01 $0utf8 
203@/01 $0793670470 
208@/01 $a12-11-16 $be 
209A/01 $a/ $f000 $x00 
237A/01 $aweiterführende Signatur(en): Herder-Institut: S 25935 
244Z/01 $2Trx $8--Trx--Monographie $x01 $9391384546 
247C/01 $82080>Marburg/Lahn, Herder-Institut, Forschungsbibliothek, Bibliographieportal $9336309341
LEADER 00000cam a2200000 c 4500
001 291338577
003 DE-603
005 20220902181558.0
007 tu
008 120312s1944 xx |||| | u00||u|ger c
035 |a (DE-599)HEB291338577 
040 |a DE-603  |b ger  |c DE-603  |d DE-603 
041 |a ger 
100 1 |a Hammer, Franz  |d 1898-1969  |0 (DE-603)152786015  |0 (DE-588)121396983  |2 gnd 
245 0 0 |a Johannes Kepler  |b ein Bild seines Lebens und Wirkens  |c von Franz Hammer 
264 1 |a Stuttgart  |b Kohlhammer  |c 1944 
300 |a 32 S. 
490 1 |a ˜Dieœ bunten Hefte für unsere Soldaten  |v 86 
830 0 |t ˜Dieœ bunten Hefte für unsere Soldaten  |v 86  |w (DE-603)093575963  |w (DE-600)2037191-3  |9 286  |7 as 
924 0 |9 Mb 50  |a (DE-603)639607675  |b DE-Mb50  |c HES  |d c  |g S 25935 
924 0 |9 2080  |a (DE-603)793670470  |b DE-2080  |c HES  |d d  |g /